[Event "Venice Autumn op 15th"]
[Site "Venice"]
[Date "2009.11.01"]
[Round "5"]
[White "Quaranta, Cristiano"]
[Black "Giuriati, Paolo"]
[Result "0-1"]
[WhiteElo "2127"]
[BlackElo "2224"]
[PlyCount "68"]
[EventDate "2009.10.30"]
[EventType "swiss"]
[EventRounds "5"]
[EventCountry "ITA"]
[SourceTitle "EXT 2012"]
[Source "ChessBase"]
[SourceDate "2011.11.24"]
[SourceVersion "1"]
[SourceVersionDate "2011.11.24"]
[SourceQuality "1"]

1. Nf3 Nf6 2. c4 e6 3. Nc3 d5 4. d4 c6 5. e3 Nbd7 6. Qc2 Be7 7. b3 0-0 8. Bd3 Re8 9. Ne5 Nf8 10. 0-0 N6d7 11. f4 f6 12. Nf3 b6 13. Bb2 Bb7 14. Rad1 Bd6 15. Qf2 Qe7 16. Ne2 a5 17. e4 dxe4 18. Bxe4 a4 19. g3 Ra7 20. Rfe1 axb3 21. axb3 Ba3 22. Nc3 Qb4 23. Qc2 Rea8 24. d5 cxd5 25. cxd5 Bxb2 26. Qxb2 Nc5 27. Bc2 exd5 28. Rd4 Qa3 29. Qb1 Nce6 30. Bxh7+ Kh8 31. Rd3 Qc5+ 32. Kf1 Ra1 33. Qc2 R1a2 34. Rxd5 Bxd5 0-1

[Event "Conegliano op"]
[Site "Conegliano"]
[Date "2008.05.31"]
[Round "1"]
[White "De Nardi, Riccardo"]
[Black "Giuriati, Paolo"]
[Result "0-1"]
[WhiteElo "1930"]
[BlackElo "2206"]
[PlyCount "88"]
[EventDate "2008.05.31"]
[EventType "swiss"]
[EventRounds "6"]
[EventCountry "ITA"]
[SourceTitle "CBM 124 Extra"]
[Source "ChessBase"]
[SourceDate "2008.07.03"]
[SourceVersion "1"]
[SourceVersionDate "2008.07.03"]
[SourceQuality "1"]

1. e4 e6 2. d3 d5 3. Nd2 Nf6 4. Ngf3 Nc6 5. c3 dxe4 6. dxe4 Bc5 7. Bb5 0-0 8. 0-0 Qe7 9. Qe2 e5 10. h3 Nh5 11. Re1 Nf4 12. Qf1 Qf6 13. Bxc6 bxc6 14. Nb3 Bb6 15. Bxf4 Qxf4 16. Qe2 Be6 17. c4 c5 18. Rac1 Rfd8 19. Qe3 Qxe3 20. Rxe3 f6 21. Kf1 Rd6 22. Ke2 Rad8 23. Ne1 a5 24. a4 Bd7 25. Ra1 Be8 26. Nd3 Rc6 27. Kd2 Bf7 28. Kc3 Rd4 29. Nd2 Rcd6 30. b3 Bg6 31. Rae1 f5 32. R1e2 f4 33. Rf3 Bh5 34. Nxe5 Bxf3 35. Nexf3 Rd3+ 36. Kc2 Rd8 37. e5 R3d7 38. Re4 Rf8 39. Ng5 Re7 40. h4 c6 41. Nh3 Bc7 42. Nf3 Rfe8 43. Nxf4 Bxe5 44. Nh5 Bd4 0-1

[Event "Litomysl op"]
[Site "Litomysl"]
[Date "2006.12.27"]
[Round "2"]
[White "Groetz, Harald"]
[Black "Giuriati, Paolo"]
[Result "1/2-1/2"]
[WhiteElo "2399"]
[BlackElo "2209"]
[PlyCount "66"]
[EventDate "2006.12.26"]
[EventType "swiss"]
[EventRounds "9"]
[EventCountry "CZE"]
[SourceTitle "CBM 116 Extra"]
[Source "ChessBase"]
[SourceDate "2007.03.07"]
[SourceVersion "1"]
[SourceVersionDate "2007.03.07"]
[SourceQuality "1"]

1. e4 e6 2. d4 d5 3. Nd2 Nf6 4. e5 Nfd7 5. c3 c5 6. Bd3 Nc6 7. Ne2 cxd4 8. cxd4 f6 9. exf6 Nxf6 10. Nf3 Bd6 11. 0-0 Qc7 12. Bg5 0-0 13. Bh4 Bd7 14. Bg3 Rae8 15. Rc1 Bxg3 16. hxg3 Qb6 17. Qd2 e5 18. dxe5 Nxe5 19. Nxe5 Rxe5 20. Rc3 Ng4 21. Nd4 g5 22. Be2 Rxe2 23. Qxg5+ Kh8 24. Nxe2 Rxf2 25. Rxf2 Qxf2+ 26. Kh1 Qxe2 27. Rc1 Qe6 28. Qd8+ Be8 29. Qg5 Bc6 30. Qd8+ Qg8 31. Qe7 Qg7 32. Qd8+ Qg8 33. Qe7 Qg7 1/2-1/2

[Event "Venice Autumn op 12th"]
[Site "Venice"]
[Date "2006.11.04"]
[Round "3"]
[White "Giuriati, Paolo"]
[Black "Dragojlovic, Andjelko"]
[Result "0-1"]
[WhiteElo "2209"]
[BlackElo "2383"]
[PlyCount "142"]
[EventDate "2006.11.03"]
[EventType "swiss"]
[EventRounds "5"]
[EventCountry "ITA"]
[SourceTitle "CBM 115 Extra"]
[Source "ChessBase"]
[SourceDate "2007.01.10"]
[SourceVersion "1"]
[SourceVersionDate "2007.01.10"]
[SourceQuality "1"]

1. d4 g6 2. Bf4 Bg7 3. e3 d6 4. Nf3 Nd7 5. Be2 e5 6. Bg3 Ne7 7. c3 Nf5 8. e4 Nxg3 9. hxg3 exd4 10. cxd4 0-0 11. Nc3 Nf6 12. Qc2 a6 13. 0-0 Re8 14. a4 c6 15. Rfe1 Ng4 16. Rad1 Qb6 17. Bc4 Re7 18. Qd2 Bh6 19. Qc2 Bd7 20. Re2 Rae8 21. Rde1 Qa5 22. Nh2 b5 23. axb5 axb5 24. Bb3 Nxh2 25. Kxh2 b4 26. Nb1 Bg7 27. Qd3 Qb6 28. Rd1 Bc8 29. d5 c5 30. Nd2 Bg4 31. f3 Bd7 32. Nc4 Qb8 33. Rde1 Bb5 34. Qc2 Bxc4 35. Qxc4 Bd4 36. f4 Qc8 37. Bd1 f6 38. Qd3 Kg7 39. Rc2 h5 40. Bf3 Ra7 41. Rd1 Qa6 42. Qxa6 Rxa6 43. b3 Ra3 44. Rb1 Rea8 45. Be2 Ra1 46. Rxa1 Rxa1 47. Rd2 Rb1 48. Bd1 Kh6 49. Kh3 Rc1 50. Rd3 g5 51. g4 gxf4 52. gxh5 Be5 53. Kg4 Ra1 54. Bf3 Ra3 55. Be2 Ra2 56. Bf3 Ra3 57. Be2 c4 58. bxc4 b3 59. Bd1 b2 60. Bc2 Ra1 61. Rb3 Rc1 62. Bd3 Rd1 63. Bc2 Rd2 64. Bb1 Rxg2+ 65. Kh4 Rg1 66. Bc2 Rc1 67. Bd3 f3 68. c5 Rxc5 69. Kg4 f2 70. Kf3 Rc3 71. Rxc3 f1Q+ 0-1

[Event "Venice Autumn op 12th"]
[Site "Venice"]
[Date "2006.11.04"]
[Round "2"]
[White "Laketic, Gojko"]
[Black "Giuriati, Paolo"]
[Result "0-1"]
[WhiteElo "2441"]
[BlackElo "2209"]
[PlyCount "98"]
[EventDate "2006.11.03"]
[EventType "swiss"]
[EventRounds "5"]
[EventCountry "ITA"]
[SourceTitle "CBM 115 Extra"]
[Source "ChessBase"]
[SourceDate "2007.01.10"]
[SourceVersion "1"]
[SourceVersionDate "2007.01.10"]
[SourceQuality "1"]

1. d4 Nf6 2. c4 e6 3. Nf3 d5 4. Bg5 c6 5. Qc2 Nbd7 6. cxd5 exd5 7. Nc3 Bd6 8. e3 Nf8 9. Bh4 Ng6 10. Bg3 Qe7 11. Bd3 0-0 12. 0-0-0 Bd7 13. Kb1 Rfe8 14. Ng5 Rac8 15. Bxd6 Qxd6 16. h4 b6 17. h5 Nf8 18. Rh4 c5 19. dxc5 bxc5 20. Bc4 Be6 21. Nge4 Nxe4 22. Rxe4 d4 23. Bb5 Red8 24. exd4 Bf5 25. d5 Rb8 26. g4 Bxe4 27. Nxe4 Qe5 28. Bc6 Rb4 29. Nxc5 Rxg4 30. Nb7 Rc8 31. f3 Rd4 32. Rc1 Rxd5 33. Qe4 Qxe4+ 34. fxe4 Rxh5 35. Nd6 Rc7 36. Nb5 Re7 37. Nd6 Ne6 38. Bd5 g6 39. Rc8+ Kg7 40. a4 Kf6 41. Rc6 Ke5 42. a5 Rh1+ 43. Ka2 Rf1 44. b4 h5 45. b5 h4 46. b6 axb6 47. axb6 h3 48. Nc4+ Kd4 49. Nd6 h2 0-1

[Event "Venice Autumn op 12th"]
[Site "Venice"]
[Date "2006.11.03"]
[Round "1"]
[White "Giuriati, Paolo"]
[Black "Zanin, Dario"]
[Result "1-0"]
[WhiteElo "2209"]
[BlackElo "2059"]
[PlyCount "141"]
[EventDate "2006.11.03"]
[EventType "swiss"]
[EventRounds "5"]
[EventCountry "ITA"]
[SourceTitle "CBM 115 Extra"]
[Source "ChessBase"]
[SourceDate "2007.01.10"]
[SourceVersion "1"]
[SourceVersionDate "2007.01.10"]
[SourceQuality "1"]

1. d4 Nf6 2. Bf4 g6 3. e3 Bg7 4. Nd2 0-0 5. Ngf3 d6 6. h3 Nc6 7. Bc4 Nd7 8. c3 e5 9. Bg5 Qe8 10. 0-0 e4 11. Ne1 Nb6 12. Bb3 Be6 13. Bc2 d5 14. c4 f5 15. cxd5 Nxd5 16. Bb3 h6 17. Bxd5 Bxd5 18. Bf4 Qe7 19. Bh2 f4 20. Qg4 fxe3 21. fxe3 Rxf1+ 22. Nxf1 Kh7 23. Nc2 Rf8 24. Qe2 Qf7 25. b3 a5 26. Nd2 Qe7 27. Qb5 Rf5 28. Rf1 Rxf1+ 29. Nxf1 Qf7 30. Nd2 Bf6 31. Qf1 Qe7 32. Qf4 Bg5 33. Qf2 b5 34. Nf1 a4 35. Nd2 axb3 36. Nxb3 Bc4 37. Bf4 Bh4 38. Bg3 Bg5 39. h4 Bf6 40. h5 Bf7 41. hxg6+ Bxg6 42. Qf4 Bg5 43. Qxc7 Qxc7 44. Bxc7 Ne7 45. Bd8 Bh5 46. Kf2 Kg7 47. Nc5 Bg6 48. Nb4 Kf7 49. a3 Bf6 50. Nd7 Bg7 51. Bc7 Ke6 52. Nc5+ Kf5 53. d5 Be8 54. d6 Ng6 55. d7 Bxd7 56. Nxd7 Bb2 57. Nc2 Ne7 58. Nc5 Nd5 59. Ba5 Nf6 60. Nb3 Ng4+ 61. Ke2 Ke5 62. Nbd4 Kd5 63. Nxb5 Kc4 64. Nbd4 Ne5 65. Bc7 Nd3 66. a4 Bc1 67. g4 Nc5 68. a5 Na6 69. Bf4 Nc5 70. Bxh6 Nd7 71. a6 1-0

[Event "Venice Autumn op 11th"]
[Site "Venice"]
[Date "2005.10.30"]
[Round "3"]
[White "Sarakauskiene, Zivile"]
[Black "Giuriati, Paolo"]
[Result "1-0"]
[WhiteElo "2161"]
[BlackElo "2236"]
[PlyCount "87"]
[EventDate "2005.10.29"]
[EventType "swiss"]
[EventRounds "6"]
[EventCountry "ITA"]
[SourceTitle "EXT 2006"]
[Source "ChessBase"]
[SourceDate "2005.11.24"]
[SourceVersion "1"]
[SourceVersionDate "2005.11.24"]
[SourceQuality "1"]

1. e4 c6 2. d4 d5 3. Nc3 dxe4 4. Nxe4 Bf5 5. Ng3 Bg6 6. Nf3 Nd7 7. h4 h6 8. h5 Bh7 9. Bd3 Bxd3 10. Qxd3 Ngf6 11. Bf4 e6 12. 0-0-0 Be7 13. Kb1 0-0 14. Ne4 Nxe4 15. Qxe4 Nf6 16. Qe2 a5 17. Ne5 a4 18. a3 Rc8 19. g4 Nd5 20. Bd2 b5 21. f4 b4 22. axb4 Nxb4 23. g5 a3 24. Bxb4 Bxb4 25. gxh6 Qa5 26. Qg4 g6 27. Nxg6 Kh7 28. Nxf8+ Bxf8 29. Rh3 axb2 30. Kxb2 Rb8+ 31. Rb3 Qa3+ 32. Kc3 Qa5+ 33. Kd3 Rd8 34. c3 Bxh6 35. Rdb1 Qa6+ 36. Ke3 c5 37. Rb7 cxd4+ 38. cxd4 Qa3+ 39. Kf2 Qd3 40. Rxf7+ Kh8 41. Rd1 Qc2+ 42. Qe2 Qc3 43. Qd3 Qxd3 44. Rxd3 1-0

[Event "Banyoles op 8th"]
[Site "Banyoles"]
[Date "2005.08.19"]
[Round "3"]
[White "Borges Matos, Juan R"]
[Black "Giuriati, Paolo"]
[Result "1-0"]
[WhiteElo "2467"]
[BlackElo "2236"]
[PlyCount "61"]
[EventDate "2005.08.17"]
[EventType "swiss"]
[EventRounds "9"]
[EventCountry "ESP"]
[SourceTitle "CBM 108 Extra"]
[Source "ChessBase"]
[SourceDate "2005.11.04"]
[SourceVersion "1"]
[SourceVersionDate "2005.11.04"]
[SourceQuality "1"]

1. c4 Nf6 2. Nf3 e6 3. g3 d5 4. Bg2 Be7 5. 0-0 0-0 6. d4 c6 7. Nbd2 b6 8. Qc2 Bb7 9. e4 Nxe4 10. Nxe4 dxe4 11. Qxe4 Nd7 12. Rd1 Qc8 13. Qc2 Qc7 14. Bf4 Bd6 15. Bxd6 Qxd6 16. c5 Qe7 17. Ne5 Rac8 18. b4 Rfd8 19. a4 Nxe5 20. dxe5 bxc5 21. bxc5 Rxd1+ 22. Rxd1 Qc7 23. Qc3 g6 24. h4 Kg7 25. Rd6 Ba8 26. a5 Qb7 27. Qf3 Rf8 28. h5 Qb1+ 29. Rd1 Qc2 30. Qf6+ Kg8 31. h6 1-0

[Event "Veneto-ch qf 65th"]
[Site "Arqua Petrarca"]
[Date "2005.05.15"]
[Round "6.1"]
[White "Rossi, Carlo"]
[Black "Giuriati, Paolo"]
[Result "1/2-1/2"]
[WhiteElo "2375"]
[BlackElo "2197"]
[PlyCount "23"]
[EventDate "2005.05.07"]
[EventType "swiss"]
[EventRounds "6"]
[EventCountry "ITA"]
[SourceTitle "EXT 2024"]
[Source "ChessBase"]
[SourceDate "2023.10.10"]
[SourceVersion "1"]
[SourceVersionDate "2023.10.10"]
[SourceQuality "1"]

1. Nf3 Nf6 2. g3 d5 3. Bg2 c6 4. 0-0 Bf5 5. d3 e6 6. b3 h6 7. Bb2 Be7 8. c4 0-0 9. Nbd2 Nbd7 10. a3 a5 11. Ra2 Re8 12. Qa1 1/2-1/2

[Event "Padova op-A 7th"]
[Site "Padova"]
[Date "2004.12.12"]
[Round "2"]
[White "Dervishi, Erald"]
[Black "Giuriati, Paolo"]
[Result "1-0"]
[WhiteElo "2502"]
[BlackElo "2190"]
[PlyCount "103"]
[EventDate "2004.12.11"]
[EventType "swiss"]
[EventRounds "6"]
[EventCountry "ITA"]
[SourceTitle "EXT 2024"]
[Source "ChessBase"]
[SourceDate "2023.10.10"]
[SourceVersion "1"]
[SourceVersionDate "2023.10.10"]
[SourceQuality "1"]

1. e4 c6 2. d4 d5 3. Nc3 dxe4 4. Nxe4 Bf5 5. Ng3 Bg6 6. h4 h6 7. Nf3 Nd7 8. h5 Bh7 9. Bd3 Bxd3 10. Qxd3 Ngf6 11. Bf4 e6 12. 0-0-0 Be7 13. Kb1 0-0 14. Ne4 Nxe4 15. Qxe4 Nf6 16. Qe2 Qd5 17. Ne5 Qe4 18. Qxe4 Nxe4 19. Rde1 Nf6 20. g4 Rfd8 21. c3 c5 22. dxc5 Bxc5 23. f3 Bd6 24. Bc1 Bxe5 25. Rxe5 Rd5 26. Rxd5 Nxd5 27. c4 Nb6 28. b3 Rd8 29. Kc2 f6 30. Be3 Kf7 31. a4 Nc8 32. Kc3 a6 33. b4 Ne7 34. b5 axb5 35. axb5 Ra8 36. Kb4 e5 37. Rd1 Ke6 38. Bc5 Nc8 39. Rd8 b6 40. Bf8 Kf7 41. c5 bxc5+ 42. Bxc5 g6 43. b6 Nxb6 44. Bxb6 Rxd8 45. Bxd8 gxh5 46. gxh5 Ke6 47. Kc4 Kf5 48. Kd5 Kf4 49. Ke6 f5 50. Bc7 Kxf3 51. Kxf5 e4 52. Kg6 1-0

[Event "Venice Autumn op-A 10th"]
[Site "Venice"]
[Date "2004.11.01"]
[Round "5"]
[White "Rigo, Gianfrancesco"]
[Black "Giuriati, Paolo"]
[Result "0-1"]
[WhiteElo "2045"]
[BlackElo "2190"]
[PlyCount "112"]
[EventDate "2004.10.29"]
[EventType "swiss"]
[EventRounds "6"]
[EventCountry "ITA"]
[SourceTitle "EXT 2005"]
[Source "ChessBase"]
[SourceDate "2004.11.15"]
[SourceVersion "1"]
[SourceVersionDate "2004.11.15"]
[SourceQuality "1"]

1. e4 c6 2. d4 d5 3. e5 Na6 4. Nc3 Bf5 5. a3 e6 6. Nge2 Ne7 7. Ng3 Bg6 8. h4 h6 9. Nce2 c5 10. Nf4 Bh7 11. Nfh5 Qa5+ 12. Bd2 Qa4 13. Be3 Bxc2 14. Qd2 c4 15. Rc1 Bg6 16. Be2 Nb8 17. Bd1 Qd7 18. Bxh6 Rxh6 19. Qxh6 gxh6 20. Nf6+ Kd8 21. Nxd7 Nxd7 22. Rc3 Nc6 23. Ne2 b5 24. Rg3 Bh7 25. h5 a5 26. Rh4 Ke8 27. Nc3 Rb8 28. Rf4 b4 29. axb4 axb4 30. Na4 c3 31. bxc3 b3 32. Nb2 Ba3 33. Rg7 Bf5 34. Rg8+ Ke7 35. Rxb8 Ncxb8 36. Bxb3 Bxb2 37. Kd2 Nb6 38. g4 Bh7 39. Rf6 Kf8 40. Rxh6 Kg7 41. Rf6 N8d7 42. Rf3 Ba3 43. Rg3 Be7 44. f4 Be4 45. g5 Nc4+ 46. Bxc4 dxc4 47. Ke3 Bf5 48. Rg1 Nb6 49. Ra1 Nd5+ 50. Kf3 Nxc3 51. Ra7 Nd5 52. Ra8 c3 53. Kg3 c2 54. Rc8 Ba3 55. Kh4 c1Q 56. h6+ Kh7 0-1

[Event "Veneto-ch Quarti di Finale 64th"]
[Site "Arqua Petrarca"]
[Date "2004.05.09"]
[Round "3.3"]
[White "Bonafede, Alessandro"]
[Black "Giuriati, Paolo"]
[Result "1/2-1/2"]
[WhiteElo "2083"]
[BlackElo "2185"]
[PlyCount "26"]
[EventDate "2004.05.08"]
[EventType "swiss"]
[EventRounds "6"]
[EventCountry "ITA"]
[SourceTitle "EXT 2023"]
[Source "ChessBase"]
[SourceDate "2022.10.05"]
[SourceVersion "1"]
[SourceVersionDate "2022.10.05"]
[SourceQuality "1"]

1. e4 c6 2. d3 d5 3. Nd2 e5 4. Ngf3 Bd6 5. d4 exd4 6. Nxd4 Nf6 7. exd5 Nxd5 8. Nc4 Be7 9. Be2 0-0 10. 0-0 c5 11. Nf3 Nc6 12. c3 Bf5 13. Ne3 Nxe3 1/2-1/2

[Event "Porto San Giorgio op 9th"]
[Site "Porto San Giorgio"]
[Date "1997.??.??"]
[Round "2"]
[White "Giuriati, Paolo"]
[Black "Nataf, Igor Alexandre"]
[Result "0-1"]
[WhiteElo "2165"]
[BlackElo "2440"]
[PlyCount "82"]
[EventDate "1997.07.??"]
[EventType "swiss"]
[EventRounds "9"]
[EventCountry "ITA"]
[SourceTitle "EXT 2000"]
[Source "ChessBase"]
[SourceDate "1999.11.16"]
[SourceVersion "1"]
[SourceVersionDate "1999.11.16"]
[SourceQuality "1"]

1. d4 Nf6 2. c4 g6 3. Nc3 Bg7 4. e4 0-0 5. Nf3 d6 6. Be2 e5 7. 0-0 Nc6 8. d5 Ne7 9. Ne1 Nd7 10. g4 f5 11. f3 Kh8 12. Kg2 Ng8 13. g5 f4 14. h4 h6 15. Rh1 Rf7 16. Nd3 Bf8 17. Qg1 hxg5 18. hxg5+ Rh7 19. Rxh7+ Kxh7 20. Kf2 Be7 21. Bxf4 exf4 22. Nxf4 Bxg5 23. Ne6 Bh4+ 24. Ke3 Qf6 25. Qh2 Nh6 26. Rh1 g5 27. Nxc7 Ne5 28. Nxa8 Bg4 29. Rf1 Bh3 30. Rg1 g4 31. f4 Ng6 32. Bd3 g3 33. Qxh3 Qxf4+ 34. Ke2 Qf2+ 35. Kd1 Qxg1+ 36. Qf1 Qh2 37. Ne2 Ne5 38. Nxg3 Bxg3 39. Be2 Bf4 40. Qe1 Qg2 41. Qc3 Nhg4 0-1

[Event "Celle Ligure op"]
[Site "Celle Ligure"]
[Date "1996.??.??"]
[Round "7"]
[White "Cordara, Michele"]
[Black "Giuriati, Paolo"]
[Result "1/2-1/2"]
[WhiteElo "2200"]
[BlackElo "1910"]
[PlyCount "44"]
[EventDate "1996.??.??"]
[EventType "swiss"]
[EventRounds "9"]
[EventCountry "ITA"]
[SourceTitle "EXT 1999"]
[Source "ChessBase"]
[SourceDate "1998.11.16"]
[SourceVersion "1"]
[SourceVersionDate "1998.11.16"]
[SourceQuality "1"]

1. d4 Nf6 2. Nf3 e6 3. Bf4 c5 4. c3 cxd4 5. cxd4 b5 6. Nbd2 Bb7 7. e3 a6 8. Bd3 Be7 9. Rc1 d6 10. 0-0 Nbd7 11. h3 0-0 12. Qe2 Rc8 13. a4 bxa4 14. Bxa6 Bxa6 15. Qxa6 Qb6 16. Qxa4 Qxb2 17. Nc4 Qb8 18. Qa6 Ne4 19. Rb1 Qa8 20. Qxa8 Rxa8 21. Rb7 Rfd8 22. Rfb1 Ra2 1/2-1/2

[Event "Celle Ligure op"]
[Site "Celle Ligure"]
[Date "1996.??.??"]
[Round "2"]
[White "Hitzgerova, Gabriela"]
[Black "Giuriati, Paolo"]
[Result "1/2-1/2"]
[WhiteElo "2145"]
[BlackElo "1915"]
[PlyCount "34"]
[EventDate "1996.??.??"]
[EventType "swiss"]
[EventRounds "9"]
[EventCountry "ITA"]
[SourceTitle "EXT 1999"]
[Source "ChessBase"]
[SourceDate "1998.11.16"]
[SourceVersion "1"]
[SourceVersionDate "1998.11.16"]
[SourceQuality "1"]

1. e4 c5 2. Nf3 Nc6 3. d4 cxd4 4. Nxd4 Nf6 5. Nc3 d6 6. Be2 e5 7. Nb3 Be7 8. 0-0 0-0 9. a4 Be6 10. f4 exf4 11. Bxf4 Ne5 12. a5 Rc8 13. Ra4 Nc4 14. Bc1 Qd7 15. Qd4 Ne5 16. Kh1 Nc6 17. Qf2 Ng4 1/2-1/2

[Event "Casino op 3rd"]
[Site "Velden"]
[Date "1995.??.??"]
[Round "5"]
[White "Baerner, Helmut"]
[Black "Giuriati, Paolo"]
[Result "1-0"]
[WhiteElo "2054"]
[BlackElo "2081"]
[PlyCount "117"]
[EventDate "1995.06.30"]
[EventType "swiss"]
[EventRounds "9"]
[EventCountry "AUT"]
[SourceTitle "EXT 2022"]
[Source "ChessBase"]
[SourceDate "2021.10.06"]
[SourceVersion "1"]
[SourceVersionDate "2021.10.06"]
[SourceQuality "1"]

1. c4 g6 2. Nc3 Bg7 3. g3 Nf6 4. Bg2 0-0 5. d3 d6 6. Nf3 Nc6 7. Bd2 e5 8. Rb1 a5 9. 0-0 h6 10. a3 Be6 11. b4 axb4 12. axb4 Qc8 13. Qb3 Bh3 14. b5 Ne7 15. e4 Bxg2 16. Kxg2 Nd7 17. Na4 b6 18. Bb4 Kh7 19. Nc3 f5 20. Ra1 fxe4 21. Nxe4 Rb8 22. Ra7 Nf5 23. Qa3 Nf6 24. Qa6 Qd8 25. Ra1 Ng4 26. Rb7 Rc8 27. Qa2 Qd7 28. Qe2 Kh8 29. Raa7 Rf7 30. h3 Nf6 31. g4 Nxg4 32. hxg4 Ne3+ 33. Qxe3 Qxg4+ 34. Ng3 Rcf8 35. Nh2 Rxf2+ 36. Qxf2 Rxf2+ 37. Kxf2 Qf4+ 38. Kg2 h5 39. Rxc7 h4 40. Ne2 Qg5+ 41. Kf2 Bf8 42. Rf7 Kg8 43. Bxd6 Bxd6 44. Nf3 Qg4 45. Rfd7 Bc5+ 46. d4 exd4 47. Rd8+ Bf8 48. Raa8 d3 49. Rxf8+ Kg7 50. Rg8+ Kf6 51. Ned4 d2 52. Raf8+ Ke7 53. Nc6+ Kd6 54. Rd8+ Kc5 55. Nxd2 Qg3+ 56. Ke2 Qg2+ 57. Kd3 Qh3+ 58. Kc2 Qf5+ 59. Kc1 1-0

[Event "Marostica op"]
[Site "Marostica"]
[Date "1995.??.??"]
[Round "9"]
[White "Caruso, Augusto"]
[Black "Giuriati, Paolo"]
[Result "0-1"]
[WhiteElo "2155"]
[BlackElo "1955"]
[PlyCount "80"]
[EventDate "1995.??.??"]
[EventType "swiss"]
[EventRounds "9"]
[EventCountry "ITA"]
[SourceTitle "EXT 1999"]
[Source "ChessBase"]
[SourceDate "1998.11.16"]
[SourceVersion "1"]
[SourceVersionDate "1998.11.16"]
[SourceQuality "1"]

1. e4 e6 2. Nf3 d5 3. e5 c5 4. b4 cxb4 5. a3 bxa3 6. d4 Nc6 7. c3 Qa5 8. Qb3 Nge7 9. Bd3 Ng6 10. h4 Be7 11. h5 Nf8 12. Bxa3 Qd8 13. Qc2 h6 14. Rh3 Nd7 15. Rg3 Bxa3 16. Nxa3 0-0 17. Qd2 Kh8 18. Qf4 f5 19. Nh4 Ne7 20. Ke2 Nb6 21. Rh1 Bd7 22. Ng6+ Kh7 23. Rhh3 Rc8 24. Nc2 Rf7 25. Ne3 a6 26. Ng4 Rxc3 27. Nxe7 Qxe7 28. Nf6+ Rxf6 29. exf6 Qxf6 30. Bxf5+ exf5 31. Rxc3 Bb5+ 32. Ke1 Nc4 33. f3 Nb2 34. Qd2 Nc4 35. Qf4 Nb2 36. Qd2 Nc4 37. Qf2 f4 38. Qc2+ Kg8 39. Kf2 Qxd4+ 40. Ke1 Qg1+ 0-1

[Event "Casino op 3rd"]
[Site "Velden"]
[Date "1995.??.??"]
[Round "8"]
[White "Giuriati, Paolo"]
[Black "Doelzlmueller, Christoph"]
[Result "1/2-1/2"]
[WhiteElo "2081"]
[BlackElo "2214"]
[PlyCount "124"]
[EventDate "1995.06.30"]
[EventType "swiss"]
[EventRounds "9"]
[EventCountry "AUT"]
[SourceTitle "EXT 2022"]
[Source "ChessBase"]
[SourceDate "2021.10.06"]
[SourceVersion "1"]
[SourceVersionDate "2021.10.06"]
[SourceQuality "1"]

1. e4 e6 2. d4 d5 3. e5 c5 4. c3 Qc7 5. a3 Bd7 6. Nf3 Nc6 7. b4 c4 8. g3 Nge7 9. Bg2 Ng6 10. 0-0 Be7 11. Re1 0-0-0 12. a4 f6 13. exf6 gxf6 14. Bh6 Bf8 15. Bxf8 Rhxf8 16. Na3 Kb8 17. Ra2 Bc8 18. Rae2 Rfe8 19. Nc2 Qg7 20. Qd2 Rg8 21. b5 Na5 22. Kh1 h5 23. h4 Nb3 24. Qe3 Rge8 25. Rd1 e5 26. dxe5 Bg4 27. Nb4 fxe5 28. Rxd5 Rxd5 29. Nxd5 Rd8 30. Nb4 Qf6 31. Re1 Re8 32. Ng5 Qd6 33. Ne4 Qd8 34. Qg5 Qxg5 35. Nxg5 Nc5 36. Be4 Nf8 37. f3 Bd7 38. Bd5 Nxa4 39. Bxc4 Nxc3 40. Bf7 Rc8 41. b6 a5 42. Nd3 Bb5 43. Nxe5 Ne2 44. Ne4 a4 45. Nd6 Rc5 46. Nxb5 Rxe5 47. Kh2 Nd4 48. Rxe5 Nxf3+ 49. Kg2 Nxe5 50. Bxh5 Nfd7 51. Bd1 Nxb6 52. Na3 Kc7 53. h5 Kd6 54. g4 Ke6 55. Kg3 Kf6 56. Kh4 Nf7 57. Bf3 Nd7 58. Bxb7 Nde5 59. Be4 Ng5 60. Bc2 Ngf3+ 61. Kg3 Kg5 62. Bd1 Nxg4 1/2-1/2

[Event "Marostica op"]
[Site "Marostica"]
[Date "1995.??.??"]
[Round "6"]
[White "Torelli, Mirco"]
[Black "Giuriati, Paolo"]
[Result "0-1"]
[WhiteElo "2000"]
[BlackElo "1955"]
[PlyCount "64"]
[EventDate "1995.??.??"]
[EventType "swiss"]
[EventRounds "9"]
[EventCountry "ITA"]
[SourceTitle "EXT 1999"]
[Source "ChessBase"]
[SourceDate "1998.11.16"]
[SourceVersion "1"]
[SourceVersionDate "1998.11.16"]
[SourceQuality "1"]

1. d4 Nf6 2. c4 g6 3. Nc3 Bg7 4. e4 d6 5. Be2 0-0 6. Nf3 e5 7. 0-0 Nc6 8. d5 Ne7 9. Ne1 Nd7 10. Nd3 f5 11. Bd2 Nf6 12. f3 f4 13. c5 g5 14. Rc1 a6 15. Na4 g4 16. Qb3 g3 17. h3 Qe8 18. cxd6 cxd6 19. Nb6 Bxh3 20. Nxf4 exf4 21. Bxf4 Nh5 22. Be3 Nf4 23. Bxf4 Rxf4 24. gxh3 Bd4+ 25. Kg2 Ng6 26. Kxg3 Qe5 27. Kg2 Qg5+ 28. Kh2 Be5 29. Nxa8 Rxe4+ 30. Kh1 Rxe2 31. Rc8+ Kg7 32. Rc7+ Kh6 0-1